000 00183 a2200097 4500
020 _a9789871234165
041 _aspa
100 _aJuan Maxit
245 _aEl libro mostroso
942 _cBK
999 _c2328
_d2328